Teoria obwodów. (Rekord nr 6479)
| 000 -ETYKIETA REKORDU | |
|---|---|
| podpole kontrolne o stałej długości | 00668nam a2200217 i 4500 |
| 001 - NUMER KONTROLNY REKORDU | |
| pole kontrolne | bg |
| 040 ## - ŹRÓDŁO KATALOGOWANIA | |
| Instytucja, która utworzyła rekord | BPK |
| 041 ## - KOD JĘZYKA | |
| Kod języka tekstu | pol |
| 080 ## - UNIWERSALNA KLASYFIKACJA DZIESIĘTNA - UKD | |
| UKD | 621.37(075.8) |
| 008 - POLE O STAŁEJ DŁUGOŚCI - DANE KONTROLNE | |
| podpole kontrolne o stałej długości | s pl f |000 0 pol |
| 100 1# - NAZWA OSOBOWA | |
| Nazwa osobowa | TADEUSIEWICZ, Michał |
| 245 #0 - TYTUŁ/ODPOWIEDZIALNOŚĆ | |
| Tytuł | Teoria obwodów. |
| Oznaczenie części/sekcji dzieła | Cz. 3, |
| Tytuł części/sekcji dzieła | Kierunek elektronika / |
| Pozostałe elementy strefy tytułu i oznaczenia odpowiedzialności | Michał Tadeusiewicz. |
| 250 ## - STREFA WYDANIA | |
| Oznaczenie wydania | Wyd. 3. |
| 260 ## - STREFA ADRESU WYDAWNICZEGO | |
| Miejsce wydania | Łodź : |
| Nazwa wydawcy/dystrybutora | PŁ, |
| Data publikacji, dystrybucji/powstania dokumentu | 1993. |
| 300 ## - STREFA OPISU FIZYCZNEGO | |
| Objętość | 181 s. : |
| Inne cechy fizyczne | rys., wykr. ; |
| Rozmiary | 21 cm. |
| 490 1# - STREFA SERII I DOKUMENTU WIELOCZĘŚCIOWEGO - FORMA NIE DO WYSZUKIWANIA | |
| Tytuł i oznaczenie odpowiedzialności serii | Skrypty dla Szkół Wyższych / Politechnika Łódzka |
| 504 ## - UWAGA DOTYCZĄCA BIBLIOGRAFII | |
| Informacje o bibliografii | Bibliogr. s. 181. |
| 710 ## - HASŁO DODATKOWE - NAZWA CIAŁA ZBIOROWEGO | |
| Nazwa ciała zbiorowego lub jednostki geograficznej | POLITECHNIKA ŁÓDZKA (Łódź) |
| 830 #0 - HASŁO DODATKOWE SERII LUB DOKUMENTU WIELOCZĘŚCIOWEGO - TYTUŁ UJEDNOLICONY | |
| Tytuł ujednolicony | Skrypty dla Szkół Wyższych (Politechnika Łódzka) |
| 856 ## - LOKALIZACJA I DOSTĘP DO ELEKTRONICZNYCH DOKUMENTÓW ZDALNYCH | |
| Link (URL) | http://koha.tu.koszalin.pl/cgi-bin/koha/opac-detail.pl?biblionumber=6479 |
| Tekst linku | Katalog online BPK |
| 942 ## - DODATKOWE ELEMENTY (KOHA) | |
| Typ dokumentu | Książka |
| Wycofany | Status egzemplarza | Uszkodzony | Dostępność | Lokalizacja stała | Lokalizacja bieżąca | Miejsce przechowywania | Sygnatura | Kod kreskowy | Typ dokumentu |
|---|---|---|---|---|---|---|---|---|---|
| Dostępny | Biblioteka Politechniki Koszalińskiej | Biblioteka Politechniki Koszalińskiej | Wypożyczalnia BG | P 47535 | 01810172 | Książka | |||
| Dostępny | Biblioteka Politechniki Koszalińskiej | Biblioteka Politechniki Koszalińskiej | Wypożyczalnia BG | P 47536 | 01325874 | Książka | |||
| Dostępny | Biblioteka Politechniki Koszalińskiej | Biblioteka Politechniki Koszalińskiej | Wypożyczalnia BG | P 47537 | 01325867 | Książka | |||
| Dostępny | Biblioteka Politechniki Koszalińskiej | Biblioteka Politechniki Koszalińskiej | Wypożyczalnia BG | P 47538 | 01184228 | Książka | |||
| Dostępny | Biblioteka Politechniki Koszalińskiej | Biblioteka Politechniki Koszalińskiej | Wypożyczalnia BG | P 47539 | 01164688 | Książka |
